Human rights and schemes of management under the Leasehold Reform Acts - Part 2 (Record no. 70513)

MARC details
000 -LEADER
fixed length control field 00968cam a2200205 4500
001 - CONTROL NUMBER
control field X118458
008 - FIXED-LENGTH DATA ELEMENTS--GENERAL INFORMATION
fixed length control field 020619n2002 000 0 eng u
035 ## - SYSTEM CONTROL NUMBER
System control number (Sirsi) u118458
100 ## - MAIN ENTRY--PERSONAL NAME
Personal name Hindle, A
245 ## - TITLE STATEMENT
Title Human rights and schemes of management under the Leasehold Reform Acts - Part 2
260 ## - PUBLICATION, DISTRIBUTION, ETC.
Date of publication, distribution, etc. 2002
490 ## - SERIES STATEMENT
Series statement Landlord and Tenant Review
Volume/sequential designation 6(1) 2002, 6-8(3)
520 ## - SUMMARY, ETC.
Summary, etc. Examines how Article 8 and Protocol 1, Article 1 of European Convention on Human Rights could influence provisions relating to entry to enfranchised property, repairs and external decorations, alterations and users. Part 1 of this article appeared in volume 5, number 6 2001.
650 ## - SUBJECT ADDED ENTRY--TOPICAL TERM
Topical term or geographic name entry element LEASEHOLD REFORM ACT 1967
650 ## - SUBJECT ADDED ENTRY--TOPICAL TERM
Topical term or geographic name entry element HUMAN RIGHTS ACT 1998
650 ## - SUBJECT ADDED ENTRY--TOPICAL TERM
Topical term or geographic name entry element LEASEHOLD REFORM, HOUSING AND URBAN DEVELOPMENT ACT 1993
650 ## - SUBJECT ADDED ENTRY--TOPICAL TERM
Topical term or geographic name entry element CONVENTION FOR THE PROTECTION OF HUMAN RIGHTS AND FUNDAMENTAL FREEDOMS
690 ## - LOCAL SUBJECT ADDED ENTRY--TOPICAL TERM (OCLC, RLIN)
Topical term or geographic name as entry element LANDLORD AND TENANT-LEASEHOLD REFORM
942 ## - ADDED ENTRY ELEMENTS (KOHA)
Suppress in OPAC 0
Holdings
Withdrawn status Lost status Source of classification or shelving scheme Damaged status Not for loan Home library Current library Shelving location Date acquired Total Checkouts Barcode Date last seen Copy number Price effective from Koha item type
    Dewey Decimal Classification     London London Journal article 19/06/2002   118458-1001 06/08/2019 1 06/08/2019 Journal article